Dwayne Johnson - Roles by Picture - Statistics

General Stats
  • This quiz has been taken 32 times
  • The average score is 7 of 41
Answer Stats
Picture Answer % Correct
Black Adam / Teth Adam
63%
Maui
58%
Mathayus of Akkad / The Scorpion King
50%
Hercules
42%
Krypto
38%
Luke Hobbs
38%
Bob Stone / Robbie Weirdicht
29%
Mitch Buchannon
29%
Beck
21%
Chris Vaughn
17%
Derek Thompson
17%
Dr. Xander 'Smolder' Bravestone
17%
Joe Kingman
17%
Roadblock / Marvin F. Hinton
17%
Rocky Johnson
17%
The Rock Obama
17%
Christopher Danson
13%
Frank Wolff
13%
Hank
13%
Raymond Gaines
13%
Sean Porter
13%
Sgt. Asher 'Sarge' Mahonin
13%
The Foundation
13%
Will Sawyer
13%
Agent 23
8%
Agt. Rick 'The Condor' Smith
8%
Bank Robber #2
8%
Boxer Santaros / Jericho Cane
8%
Capt. Charles T. Baker
8%
Cliffjumper
8%
Daniel Franklin
8%
Davis Okoye
8%
Det. James Ransome
8%
Elliot Wilhelm
8%
Jack Bruno
8%
Jimmy Cullen / Driver
8%
John Hartley
8%
John Matthews
8%
Paul Doyle
8%
Spencer Strasmore
8%
The Champion
8%
No matching quizzes found
Score Distribution
Percent of People with Each Score
Percentile by Number Answered
Your Score History
You have not taken this quiz